000 00584nam a22002057a 4500
003 UA-OsUOA
001 12881
007 ta
008 20050531b un ||||| |||| 00| 0 ukr d
100 _aІльницька Г.
942 _cSA
040 _aUA-OsUOA
_bukr
_cUA-OsUOA
_dUA-OsUOA
245 _aХристиянська традиція в контексті філософсько -релігійних шукань Хорхе Луїса Борхеса
300 _aС.40 - 48
955 _a0
041 _aukr
044 _aUA
773 0 _w0
650 7 _aБорхес Л.
_2UDC
999 _c299042
_d299042